| 000 | 00975nam a22002417a 4500 | ||
|---|---|---|---|
| 003 | OSt | ||
| 005 | 20250918131452.0 | ||
| 008 | 240829b ||||| |||| 00| 0 eng d | ||
| 040 | _c0 | ||
| 082 | _aDPer 647.94068 In821 2022 v. 23 n. 1-4 | ||
| 100 |
_aGarcia-Madariaga, Jesus. _eauthor. _959410 |
||
| 245 |
_aScanning museumgoers willingness to pay more / _cJesus Garcia-Madariaga, Nuria Recuero Virto, and Francisca Blasco Lopez. |
||
| 260 |
_aUnited Kingdom ; _bTaylor & Francis Group, LLC , _c2022. |
||
| 300 |
_aVolume 23, pages 88-106 : _billustration ; _c26 cm. |
||
| 500 | _aInternational Journal of Hospitality & Tourism Administration, vol. 23, no. 1, pages 88-106, 2022. | ||
| 650 | 0 |
_a Loyalty. _967779 |
|
| 650 | 0 |
_aMulti-group analysis. _967780 |
|
| 650 | 0 |
_aMuseums. _966398 |
|
| 700 |
_aGarcia-Madariaga, Jesus. _eauthor. _959410 |
||
| 700 |
_aVirto, Nuria Recuero. _eauthor. _959411 |
||
| 700 |
_aLopez, Francisca Blasco. _eauthor. _959412 |
||
| 942 |
_2ddc _cPER |
||
| 999 |
_c21049 _d21049 |
||